Read to write : using children's literature as a springboard for teaching writing /

Bibliographic Details
Main Author: Stewig, John W.
Format: Book
Language:English
Published: New York : Holt, Rinehart, and Winston, [1980]
Edition:2nd ed.
Subjects:

MARC

Tag First Indicator Second Indicator Subfields
LEADER 00000cam a2200000 a 4500
001 in00000084497
005 20151008061418.0
008 800627s1980 nyua b 00110 engm
010 |a  80019047  
020 |a 003056123X (pbk.) 
035 |a (OCoLC)06554343 
035 |9 AAJ8001AM 
040 |a DLC  |c DLC  |d m.c.  |d TXA  |d UtOrBLW 
049 |a TXAM  |c [1561393] 
050 0 0 |a LB1576  |b .S798 1980 
082 0 |a 372.6/23  |2 19 
100 1 |a Stewig, John W. 
245 1 0 |a Read to write :  |b using children's literature as a springboard for teaching writing /  |c John Warren Stewig. 
250 |a 2nd ed. 
264 1 |a New York :  |b Holt, Rinehart, and Winston,  |c [1980] 
264 4 |c ©1980 
300 |a xi, 253 pages :  |b illustrations ;  |c 24 cm. 
336 |a text  |b txt  |2 rdacontent 
337 |a unmediated  |b n  |2 rdamedia 
338 |a volume  |b nc  |2 rdacarrier 
500 |a Includes index. 
504 |a Bibliography: pages 245-253. 
650 0 |a English language  |x Composition and exercises. 
650 0 |a English language  |x Study and teaching (Elementary) 
999 |a MARS 
999 f f |s 521b2b74-20bc-303b-ae0a-9fca753b30be  |i 36345628-d845-3141-b8b2-9e484dd3519a  |t 0 
952 f f |p normal  |a Texas A&M University  |b College Station  |c Sterling C. Evans Library  |d Evans: Library Stacks  |t 0  |e LB1576 .S798 1980  |h Library of Congress classification  |i unmediated -- volume  |m A14806160821 
998 f f |a LB1576 .S798 1980  |t 0  |l Evans: Library Stacks